000 00800nam a2200277Ia 4500
003 OSt
005 20220927104055.0
006 a|||||r|||| 00| 0
007 ta
008 220926b |||||||| |||| 00| 0 eng d
024 _a110655
037 _cReference Collections
040 _aRTL
_cRTL
_beng
041 _2eng
_aeng
082 _a"X9(Y), L5/UN"
100 _aSabalo Yves
_9362686
110 _aInternational Labour Office
245 0 _aService industrias
260 _aGeneva
_bInternational Labour Office
_c1975
300 _a"xv, 238p."
_ccm.
490 _aWorld Employment Programme study
650 _aService Industry
_9362687
700 _aInternational Labour Office
942 _h"X9(Y), L5/UN"
_cCC
999 _c685389
_d685389